000
00270 a2200121 4500
001
86411
082
_a
080 AHQ
090
_c
40607
_d
40607
100
_a
AHQ
245
_a
What matters
_b
Pakistan Air Force
260
_a
Islamabad
_b
Trg Branch PAF
_c
2013
300
_a
94 p.
942
_a
NUST-CAE
_k
080 AHQ
999
_c
321484
_d
321484